L'abuso del diritto nell'esperienza del diritto privato romano.

Saved in:
Bibliographic Details
Main Author: Longchamps de Bérier, Franciszek (autore)
Format: Book
Published: Torino, Italia: G. Giappichelli, 2013.
Subjects:
Tags: Add Tag
No Tags, Be the first to tag this record!

MARC

LEADER 00000nam a22000007a 4500
003 CL-VaPUC
005 20220822114746.0
008 220729t2013 ||||| |||| 00| 0 eng d
999 |c 437754  |d 437752 
020 |a 978-88-348-2963-9 
040 |c Pontificia Universidad Católica de Valparaíso 
082 7 |a 340.54 LON 2013  |2 22 
100 1 |a  Longchamps de Bérier, Franciszek  |e autore  |9 874345 
245 1 3 |a L'abuso del diritto nell'esperienza del diritto privato romano.  
260 |a Torino, Italia:  |b G. Giappichelli,   |c 2013. 
300 |a 247 páginas.  
500 |a c.1 Donación Familia Prof. Alejandro Guzmán Brito 
583 |c 20220729  |k Cristina María Rojas Aguilar 
650 |a Derecho romano   |9 874346 
650 |a Derecho   |x Jurisprudencia   |9 872182 
942 |2 ddc  |c BK  |n 0 
952 |0 0  |1 0  |2 ddc  |4 0  |6 340_540000000000000_LON_2013  |7 1  |8 C_AGB  |9 585555  |a BIBDER  |b BIBDER  |d 2022-07-29  |e Donación   |i 5653531  |o 340.54 LON 2013  |p 5653531  |r 2023-01-25  |t 1  |w 2022-07-29  |y BK_US  |k AGB